Biblioteca

The use of the Old Testament in the New and other essays (Registro nro. 68402)

Detalles MARC
000 -LÍDER
Campo fijo de descripción fija 02739nam a22004937a 4500
001 - NÚMERO DE CONTROL
Campo de control 768714001
003 - IDENTIFICADOR DEL NÚMERO DE CONTROL
Campo de control CO-MdFUSB
005 - FECHA Y HORA DE LA ULTIMA TRANSACCIÓN
control field 20230223123614.0
007 - CAMPO FIJO DE DESCRIPCIÓN FIJA--INFORMACIÓN GENERAL
Campo fijo de descripción fija ta
008 - ELEMENTOS DE LONGITUD FIJA -- INFORMACIÓN GENERAL
Campo fijo de descripción fija -- Información general 230209t1972 -us||||f |||| 00| 0 eng d
020 ## - NÚMERO INTERNACIONAL NORMALIZADO PARA LIBROS
Número Internacional Normalizado del libro 0822302888
040 ## - FUENTE DE CATALOGACIÓN
Agencia de catalogación original CO-MdFUSB
Idioma de catalogación spa
Agencia que realiza la transcripción CO-MdFUSB
Agencia que realiza la modificación CO-MdFUSBC
Convenciones de la descripción rda
041 ## - CÓDIGO DE IDIOMA
Código de idioma para texto/pista de sonido o título separado eng
082 ## - NÚMERO DE CLASIFICACIÓN DECIMAL DEWEY
Número de la edición del Dewey 23
Número de clasificación 225.6
Clave de autor-Numero de item US84
245 14 - TÍTULO
Título del Material The use of the Old Testament in the New and other essays
Parte restante del título - Subtitulo : studies in honor of William Franklin Stinespring
Mención de responsabilidad, etc. / editado por James M. Efird
264 #1 - PRODUCCIÓN, PUBLICACIÓN, DISTRIBUCIÓN, MANUFACTURA, Y COPYRIGHT
Lugar de producción, publicación, distribución, manufactura Durham, North Carolina :
Nombre del productor, publicador, distribuidor Duke University Press,
Fecha de producción, publicación, distribución, manufactura, o copyright 1972
264 #4 - PRODUCCIÓN, PUBLICACIÓN, DISTRIBUCIÓN, MANUFACTURA, Y COPYRIGHT
Fecha de producción, publicación, distribución, manufactura, o copyright ©1972
300 ## - DESCRIPCIÓN FÍSICA
Extensión 332 páginas
Dimensiones ; 24 cm
336 ## - TIPO DE CONTENIDO
Fuente rdacontent
Término de tipo de contenido texto
Código de tipo de contenido txt
337 ## - TIPO DE MEDIO
Fuente rdamedia
Nombre del tipo de medio sin mediación
Código del tipo de medio n
338 ## - TIPO DE SOPORTE
Fuente rdacarrier
Nombre del tipo de soporte volumen
Código Tipo de soporte nc
504 ## - NOTA DE BIBLIOGRAFÍA, ETC.
Nota de bibliografía, etc Bibliografía páginas xiv-xv
505 ## - NOTA DE CONTENIDO
Título El uso del Antiguo Testamento en el Nuevo <br/>
Mención de responsabilidad D. Moody Smith, Jr., Duke University Divinity School
505 ## - NOTA DE CONTENIDO
Título La saga de Rahab (Josué 2): algunas observaciones forma-críticas y tradicio-históricas
Mención de responsabilidad Gene M. Tucker, Emory University, Candler School of Theology
505 ## - NOTA DE CONTENIDO
Título La obstinación espiritual y el propósito de la parábola
Mención de responsabilidad Frank E. Eakin, Jr., University of Richmond
505 ## - NOTA DE CONTENIDO
Título El culto Israelita y la adoración Cristiana
Mención de responsabilidad Donald L. Williams, Southern Baptist Theological Seminary
505 ## - NOTA DE CONTENIDO
Título La condenación de Edom en el Judaísmo postexílico<br/><br/>
Mención de responsabilidad Bruce C. Cresson, Baylor University
505 ## - NOTA DE CONTENIDO
Título H. Wheeler Robinson y el problema de organizar una teologia del Antiguo Testamento<br/>
Mención de responsabilidad Max E. Polley, Davidson College
505 ## - NOTA DE CONTENIDO
Título Un Banquete Divino En Ugarit
Mención de responsabilidad Marvin H. Pope, Yale University
505 ## - NOTA DE CONTENIDO
Título "De coles y reyes"- o Queans: apuntes sobre Ben Sira 36:18-21<br/><br/>
Mención de responsabilidad John Strugnell, Harvard University Divinity School
505 ## - NOTA DE CONTENIDO
Título Antropología y soteriología en los Rollos del Mar Muerto y en el Nuevo Testamento<br/><br/>
Mención de responsabilidad William Hugh Brownlee, Claremont Graduate School
505 ## - NOTA DE CONTENIDO
Título Un estudio de exégesis gnóstica del Antiguo Testamento<br/><br/>
Mención de responsabilidad Orval Wintermute, Duke University
505 ## - NOTA DE CONTENIDO
Título בעותא en el Cristianismo primero ‎
Mención de responsabilidad J. H. Charlesworth, Duke University
505 ## - NOTA DE CONTENIDO
Título El Antiguo Testamento en el Evangelio de Marcos<br/><br/>
Mención de responsabilidad Hugh Anderson, University of Edinburgh
505 ## - NOTA DE CONTENIDO
Título Nota sobre MARCOS 5:43
Mención de responsabilidad James M. Efird, Duke University Divinity School
505 ## - NOTA DE CONTENIDO
Título La Enseñanza moral de la iglesia primitiva
Mención de responsabilidad W. D. Davies, Duke University Divinity School
563 ## - NOTA DE ENCUADERNACIÓN
Nota de encuadernación Tapa dura
630 #0 - TITULO UNIFORME
Título uniforme El Antiguo Testamento en el Nuevo Testamento
630 00 - TITULO UNIFORME
Título uniforme Rollos del Mar Muerto
Subdivisión de materia general Relación con el Antiguo Testamento
700 ## - ASIENTO SECUNDARIO - NOMBRE PERSONAL
9 (RLIN) 7823
Nombre personal Efird, James M.
Responsabilidad editor
942 ## - TIPO DE MATERIAL (KOHA)
Tipo de Item KOHA Libros General
945 ## - INFORMACIÓN LOCAL DEL REGISTRO
Catalogador AF
Existencias
Estado de Material Estado de Perdido Forma de Clasificación Estado de Dañado No para Préstamo Colección Biblioteca de Origen Biblioteca Permanente Fecha de Adquisición Área Total de Préstamos Signatura Topográfica Código de Barras Última vez visto Ejemplar/Existencia Fecha de Remplazo Tipo de Material
    Dewey Decimal Classification     Colección General Biblioteca FUSBC Biblioteca FUSBC 09/02/2023 BIBLIA   G 225.6 US84u 24488 09/02/2023 Ej. 1 09/02/2023 Libros General

Biblioteca FUSBC | Teléfono: (57+4) 349 88 10 Ext. 141| WhatsApp (+57) 3005338115 
E-mail: biblioteca@unisbc.edu.co | Calle 76 87-14 Robledo Palenque, Medellín, Colombia

Con tecnología Koha